| 000 | 01212nam a2200301Ia 4500 | ||
|---|---|---|---|
| 001 | ebr10275728 | ||
| 003 | CaPaEBR | ||
| 006 | m u | ||
| 007 | cr cn||||||||| | ||
| 008 | 080919s2008 inu s 000 0 eng d | ||
| 010 | _z 2008041523 | ||
| 020 | _z9780470293164 | ||
| 040 |
_aCaPaEBR _cCaPaEBR |
||
| 035 | _a(OCoLC)646796261 | ||
| 050 | 1 | 4 |
_aQA76.3 _b.J6536 2008eb |
| 082 | 0 | 4 |
_a005.4/476 _222 |
| 100 | 1 |
_aJohnson, Steven, _d1981- |
|
| 245 | 1 | 0 |
_aMCITP Windows Server 2008 Enterprise administrator study guide (exam 70-647) _h[electronic resource] / _cSteven Johnson. |
| 260 |
_aIndianapolis, Ind. : _bWiley Pub., _c2008. |
||
| 300 | _axliii, 407 p. | ||
| 533 |
_aElectronic reproduction. _bPalo Alto, Calif. : _cebrary, _d2009. _nAvailable via World Wide Web. _nAccess may be limited to ebrary affiliated libraries. |
||
| 630 | 0 | 0 | _aMicrosoft Windows server. |
| 650 | 0 |
_aElectronic data processing personnel _xCertification. |
|
| 650 | 0 |
_aMicrosoft software _xExaminations _vStudy guides. |
|
| 655 | 7 |
_aElectronic books. _2local |
|
| 710 | 2 | _aebrary, Inc. | |
| 856 | 4 | 0 |
_uhttp://site.ebrary.com/lib/rucke/Doc?id=10275728 _zAn electronic book accessible through the World Wide Web; click to view |
| 999 |
_c20847 _d20847 |
||